Українські народні казки (Запис № 17374)

000 -Маркер запису
Контрольне поле сталої довжини 01130nam a22002537a 4500
003 - Належність контрольного номера
Контрольне поле Uzh_bibl
008 - Кодовані дані
Контрольне поле сталої довжини 260417b |||||||| |||| 00| 0 ukr d
020 ## - Індекс ISBN
ISBN 966-511-033-0
Ціна 15,08
040 ## - Джерело каталогіз.
Код мови каталог. укр.
041 ## - Код мови видання
Код мови оригіналу німецька
Код мови тексту українська
-- німецька
080 ## - Індекс УДК
Індекс УДК 821.161.2
090 ## - Шифри
Поличний індекс 821.161.2
Авторський знак у-45
100 ## - Автор
Автор -
245 ## - Назва
Назва Українські народні казки
Відповідальність Уклад.О.П.Моторіна
Фізичний носій Текст
260 ## - Вихідні дані
Місце видання Дніпропетровськ
Видавництво "Січ"
Дата видання 2000
300 ## - Фізичний опис
Обсяг 139
Тип одиниці В опр.
520 ## - Анотація
Анотація До книги увійшли найпопулярніші українські народні казки, в яких прославляються розум, доброта, кмітливість,працелюбство, мужність,справедливість.
521 ## - Примітка про цільове призначення
Примітка про цільове призначення Для широкого кола читачів
546 ## - Примітка про мову
Примітка про мову укр.
650 ## - Тематичні рубрики
Основна рубрика Літературно-художня література
653 ## - Ключові слова
Ключові слова Телесик
-- Котигорошко
-- Кирило кожум'яка
655 ## - Термін індексування — жанр/форма
Жанр/форма Художня література
Типове ділення Казки
942 ## - ADDED ENTRY ELEMENTS (KOHA)
Джерело класифікації чи схема поличного розташування
Koha item type Книги
Фонди
Статус вилучення Статус втрати/відсутності Джерело класифікації чи схема поличного розташування Статус пошкодження Тип обігу (не для випозичання) Постійне розташування Поточне розташування Розташування у відділі Дата надходження Інвентарний номер Total Checkouts Повний (примірниковий) шифр зберігання Штрих-код Date last seen Дата, для якої чинна ціна заміни Тип одиниці (рівень примірника)
          Бібліотека-філія №2 Бібліотека-філія №2 Абонемент молодший відділ 17/04/2026 50257   821.161.2 19674 17/04/2026 17/04/2026 Книги

Працює на АБІС Коха